000
00276nam a2200109Ia 4500
008
200302s9999 xx 000 0 und d
100
_a
Author
245
_a
Unit 2 Our Conversation With Things and Places
260
_b
The Open University Press
260
_c
1976
300
_a
96 P.,
999
_c
526
_d
526